Geoffrey Rippon Memorial Article: Effective protection of EC law rights and the discretion of the court to refuse relief in planning cases (Record no. 65917)

MARC details
000 -LEADER
fixed length control field 01439cam a2200277 4500
001 - CONTROL NUMBER
control field ABS63462
008 - FIXED-LENGTH DATA ELEMENTS--GENERAL INFORMATION
fixed length control field 000000n2001 000 0 eng u
035 ## - SYSTEM CONTROL NUMBER
System control number (Sirsi) u110613
100 ## - MAIN ENTRY--PERSONAL NAME
Personal name Maurici, J.
245 ## - TITLE STATEMENT
Title Geoffrey Rippon Memorial Article: Effective protection of EC law rights and the discretion of the court to refuse relief in planning cases
260 ## - PUBLICATION, DISTRIBUTION, ETC.
Date of publication, distribution, etc. 2001
490 ## - SERIES STATEMENT
Series statement Journal of Planning and Environment Law
Volume/sequential designation January 2001, 12-23(12)
520 ## - SUMMARY, ETC.
Summary, etc. Focuses on the way in which European law has impacted on the UK planning system and, in particular, whether or not the courts' discretion to refuse relief in planning cases is exercisable where it has been shown that this contravenes European law. Examines the situation under English law, the duty of the courts to ensure the protection of rights enshrined in European law and what elements of English planning law remain compatible with European law. Illustrated throughout with relevant case law.
590 ## - LOCAL NOTE (RLIN)
Local note ABS
650 ## - SUBJECT ADDED ENTRY--TOPICAL TERM
Topical term or geographic name entry element BERKLEY V SOS ENVIRONMENT
650 ## - SUBJECT ADDED ENTRY--TOPICAL TERM
Topical term or geographic name entry element EUROPEAN LAW
650 ## - SUBJECT ADDED ENTRY--TOPICAL TERM
Topical term or geographic name entry element JUDICIAL REVIEW
650 ## - SUBJECT ADDED ENTRY--TOPICAL TERM
Topical term or geographic name entry element PLANNING
650 ## - SUBJECT ADDED ENTRY--TOPICAL TERM
Topical term or geographic name entry element PLANNING LAW
650 ## - SUBJECT ADDED ENTRY--TOPICAL TERM
Topical term or geographic name entry element R V NORTH YORKSHIRE CC EX P BROWN AND ANOTHER
650 ## - SUBJECT ADDED ENTRY--TOPICAL TERM
Topical term or geographic name entry element R V DURHAM CC AND OTHERS EX P HUDDLESTONE
650 ## - SUBJECT ADDED ENTRY--TOPICAL TERM
Topical term or geographic name entry element R V SOMERSET CC EX P MORRIS AND ANOTHER
650 ## - SUBJECT ADDED ENTRY--TOPICAL TERM
Topical term or geographic name entry element TOWN AND COUNTRY PLANNING ACT 1990 S288(5)
690 ## - LOCAL SUBJECT ADDED ENTRY--TOPICAL TERM (OCLC, RLIN)
Topical term or geographic name as entry element Planning and development
9 (RLIN) 6259
942 ## - ADDED ENTRY ELEMENTS (KOHA)
Suppress in OPAC 0
Holdings
Withdrawn status Lost status Source of classification or shelving scheme Damaged status Not for loan Home library Current library Shelving location Date acquired Total Checkouts Full call number Barcode Date last seen Copy number Price effective from Koha item type
    Dewey Decimal Classification     London London Journal article 29/01/2001   ABS63462 110613-1001 06/08/2019 1 06/08/2019 Journal article